000 00600nam a2200217 i 4500
001 bg
100 1 _aKNIAT, Jan
245 0 _aProgramowanie obiektowe w języku C++ :
_bwprowadzenie /
_cJan Kniat.
260 _aPoznań :
_bWydaw. Politechniki Poznańskiej,
_c1995.
300 _a233 s. ;
_c24 cm.
504 _aBibliogr. s. 232-233.
650 9 _aC (język programowania)
655 _aPodręczniki akademickie
020 _a8371430418
040 _cBPK
041 _apol
080 _a519.682(075.8)
920 _a83-7143-041-8
942 _cKS
008 s pl f |000 0 pol
999 _c6933
_d6933
856 _uhttp://koha.tu.koszalin.pl/cgi-bin/koha/opac-detail.pl?biblionumber=6933
_yKatalog online BPK